00439nam a22001577a 4500003000500000005001700005008004100022020001800063040000600081082001200087100002900099245009000128260003500218300000900253650001900262CEME20210628210553.0210210b xxu||||| |||| 00| 0 eng d a1-85340-354-7 c. a004 ADR aAdrian Russell, Rosemary aInformation technology for parents how to help your child in the technical revolution aLONDONbPICCADILLY PRESSc1966 a119P aIT FOR PARENTS